| 000 | 01525cam a22003494a 4500 | ||
|---|---|---|---|
| 001 | ocn428926500 | ||
| 003 | TZ-ArACH | ||
| 005 | 20130412101426.0 | ||
| 008 | 090730s2010 enk b 001 0 eng | ||
| 010 | _a 2009031602 | ||
| 015 |
_aGBA971631 _2bnb |
||
| 016 | 7 |
_a015331807 _2Uk |
|
| 020 | _a9781405811811 | ||
| 035 |
_a(OCoLC)428926500 _z(OCoLC)473568142 _z(OCoLC)635457669 |
||
| 040 |
_aDLC _beng _cTZ-ArACH _dYDX _dUKM _dYDXCP _dEUM _dRCJ _dBTCTA _dUKMGB |
||
| 041 | _aEng | ||
| 049 | _aTZAA | ||
| 050 | 0 | 0 |
_aK3240 _b.R44 |
| 082 | 0 | 0 |
_a341.4/8 _222 |
| 100 | 1 |
_aRehman, Javaid. _98341 |
|
| 245 | 1 | 0 |
_aInternational human rights law / _cJavaid Rehman. |
| 250 | _a2nd ed. | ||
| 260 |
_aHarlow, England ; _aNew York : _bLongman/Pearson, _c2010. |
||
| 300 |
_alxvi, 947 p. ; _c24 cm. |
||
| 504 | _aIncludes bibliographical references and index. | ||
| 505 | 0 | _aInternational legal systems and the development of human rights law -- The International Bill of Rights -- Regional protectionism of human rights -- Group rights -- Issues arising in international human rights law. | |
| 520 | 8 | _aJavaid Rehman emphasises the practical aspects of International Human Rights Law, and introduces the reader to the broad scope of the subject. | |
| 650 | 0 |
_aHuman rights. _98342 |
|
| 942 |
_2lcc _cBOOK |
||
| 999 |
_c2088 _d2088 |
||